El espacio de la Ilustración : la teoría arquitectónica en Francia a finales del siglo XVIII /

Este volumen aborda en su primera parte: Las teorías arquitectónicas oficiales francesas del siglo XVIII; El retorno a los orígenes, de Lafitau a Laugier; Espacios de produccion, fábricas y talleres en la Encyclopédie; El teatro de la industria, Ledoux y la ciudad-fábrica de Chaux; Confinamiento y c...

Полное описание

Сохранить в:
Библиографические подробности
Главный автор: Vidler, Anthony (autor)
Формат:
Язык:испанский
Опубликовано: Madrid, España : Alianza, 1997, c1997
Серии:(Alianza Forma : 140)
Предметы:
Метки: Добавить метку
Нет меток, Требуется 1-ая метка записи!

MARC

LEADER 00000nam^a2200000^a^4500
001 000136796
005 20250521000000.0
009 20260310095329.944
020 |a 84-206-7140-1 
037 |a Acervo ITESO - Biblioteca 
041 |a ESP 
082 |a 720. 944042  |b VID 
100 |a Vidler, Anthony  |e (autor) 
245 1 3 |a El espacio de la Ilustración :  |b la teoría arquitectónica en Francia a finales del siglo XVIII /  |c A. Vilder ; tr. por Jorge Sainz. 
264 4 |a Madrid, España :  |b Alianza,  |c 1997, c1997 
300 |a 277 p. 
336 |a texto  |b txt  |2 rdacontenido 
337 |a sin mediación  |b n  |2 rdamedio 
338 |a volumen  |b nc  |2 rdasoporte 
440 1 |a (Alianza Forma :  |v 140) 
500 |a Traducción de: The Writing of the Walls. Architectural Theory in The Late Enlightment 
520 |a Este volumen aborda en su primera parte: Las teorías arquitectónicas oficiales francesas del siglo XVIII; El retorno a los orígenes, de Lafitau a Laugier; Espacios de produccion, fábricas y talleres en la Encyclopédie; El teatro de la industria, Ledoux y la ciudad-fábrica de Chaux; Confinamiento y curación, la reforma del hospital, 1770-1789; El diseño del castigo, concepciones de la cárcel antes de la Revolución; La arquitectura de las logias, ritos y símbolos de la masonería; Asilos del libertinaje, Sade, Fourier, Lequeu. La segunda parte se refiere a las interpretaciones de la historia: La estética de la historia, Winckelmann y el ideal griego; Arquitectura simbólica, Viel de Saint-Maux y el desciframiento de la antigüedad; De la cabaña al templo, Quatremére de Quincy y la idea de tipo; La arquitectura en el museo, narraciones didácticas, de Boullée a Lenoir; Decadencia y caída de la arquitectura, estilo y época en Gibbon y Séroux d'Agincourt. 
649 |a XX 
650 |a Arquitectura Neoclásica -  |z Francia -  |x Historia 
650 |a Arquitectura Francesa -  |x Historia -  |y Siglo XVIII 
650 |a Arte Neoclásico -  |z Francia 
650 |a Francia -  |x Historia -  |y Revolución Liberal Burguesa, 1774-1848 
650 |a Francia -  |x Historia -  |y Siglo XVIII 
650 |a Arquitectura y Sociedad 
910 |a Fondo General 
920 |a Impresos - Libros 
930 |a Colección General 
905 |a 101 
901 |a 0500065460  |b IT1  |c ACC  |u 20250521 
902 |a https://opac.biblio.iteso.mx/vufind/Record/000136796